[Event "Ndola Copperbelt Elite"]
[Site "Ndola"]
[Date "2016.12.24"]
[Round "5"]
[White "Zulu, Thomas"]
[Black "Mulenga, Prince Daniel"]
[Result "1-0"]
[WhiteElo "2028"]
[BlackElo "2181"]
[PlyCount "59"]
[EventDate "2016.12.24"]
[EventType "tourn"]
[EventRounds "9"]
[EventCountry "ZAM"]
[SourceTitle "EXT 2018"]
[Source "ChessBase"]
[SourceDate "2017.10.13"]
[SourceVersion "1"]
[SourceVersionDate "2017.10.13"]
[SourceQuality "1"]

1. d4 d5 2. c4 e6 3. Nf3 c5 4. e3 Nf6 5. Nc3 a6 6. a3 dxc4 7. Bxc4 b5 8. Bd3 Nbd7 9. 0-0 Bb7 10. Qe2 Rc8 11. Rd1 Qb6 12. Ne5 Be7 13. Bc2 0-0 14. Nxd7 Nxd7 15. dxc5 Nxc5 16. e4 Rfd8 17. Be3 Qc7 18. Qg4 Rxd1+ 19. Rxd1 Rd8 20. Bd4 Bf8 21. h4 Bc8 22. e5 Bb7 23. h5 h6 24. Qg3 Kh8 25. b4 Na4 26. Qd3 g6 27. hxg6 fxg6 28. Nxa4 bxa4 29. Qxg6 Rd7 30. Bxa4 1-0